000 01288nam a2200313 i 4500
003 EG-GICUC
005 20260228101136.0
008 260130s2002 ua |||f |||| 00| 0 ara d
040 _a EG-GICUC
_bara
_c EG-GICUC
_d EG-GICUC
_erda
041 0 _aara
082 0 4 _221
_a343.122
_bه ل . ت
092 0 4 _221
099 _aLaw1 10 343.122 ه ل . ت 2002
100 _aهلال عبد اللاه أحمد
_eمؤلف.
245 1 0 _aتجريم فكرة التعسف :
_bكوسيلة لحماية المجنى عليه فى مجال إستعمال الحق دراسة مقارنة بالفكر الجنائى الإسلامى /
_cتأليف الدكتور هلال عبد اللاه أحمد.
264 1 _aالقاهرة :
_bدار النهضة العربية ،
_c2002.
300 _a296 صفحة ؛
_c24 سم.
_b
336 _2rda content
_atext
337 _2rda media
_aComputer
338 _2rda carrier
_aOnline Resource
504 _aببليوجرافية : صفحات 259- 273.
546 _aالنص باللغة العربية
650 1 4 _aإستعمال الحق الشخصي
_2qrmak
650 1 4 _aالقانون الجنائي
_2qrmak
651 1 _2qrmak
856 4 0 _uhttps://fll.law.cu.edu.eg/fulltext/bks/B10-08321.pdf
905 _a54
942 _2ddc
_cBK
_e21
_n0
999 _c60105
_d60105